000 00673nam a2200229Ia 4500
003 GCL
008 140319s9999 xx 000 0 ara d
040 _aGCL /
_cGCL
082 0 4 _a818
_bل ا
100 1 _aلطفى الخولى
245 1 0 _aالارانب /
_cلطفى الخولى
260 _a[S.N] :
_bالهيئة المصرية العامة للكتاب ،
_c1988
300 _a243 ص
490 _a
650 0 4 _aالحبكة الروائية
650 0 4 _aالمسرحية
650 0 4 _aالانتاج المسرحى
650 0 4 _aالتأليف
650 0 4 _aالحبكة الادبية
650 0 4 _aالكتابة فى الفن
942 _2ddc
_cBK
999 _c58869
_d58869